52 Mononymous Celebrties in 4 Minutes (Photos) - Statistics

General Stats
  • This quiz has been taken 224 times
    214 since last reset
  • The average score is 23 of 52
Answer Stats
Picture Hint Answer % Correct
Rapper Eminem
93%
Religious Historical Figure Jesus
93%
Singer Elvis
92%
Singer Rihanna
91%
Rapper Drake
86%
Singer Adele
83%
Singer Shakira
82%
Singer Beyonce
79%
Singer P!nk
75%
Singer Madonna
66%
Singer/Actor Zendaya
65%
Singer/Actor Cher
64%
Singer Prince
64%
Singer Usher
64%
Singer (Black Eyed Peas) Fergie
62%
Soccer Player Pele
60%
Singer Bono
55%
Singer Seal
55%
Singer Sting
55%
Historical Philosopher (Greece) Plato
51%
Singer Sia
51%
Singer Lorde
50%
Artist Picasso
49%
DJ/Musician Avicii
40%
Rapper Ludacris
40%
Singer/Pianist Liberace
36%
Rapper Macklemore
36%
Comedians/Magicians Penn and Teller
35%
Singer Moby
34%
Historical Native American Woman Pocahontas
34%
Guitarist (Red Hot Chili Peppers) Flea
32%
Singer Ke$ha
32%
Singer Bjork
31%
Religious Historical Figure (Middle East) Muhammed
31%
Singer Aaliyah
26%
Singer Morrissey
26%
Model Fabio
25%
Singer/Actor Brandy
24%
Rapper Nelly
23%
Singer Sade
22%
Model Iman
20%
Singer Halsey
18%
Singer Beck
16%
Rapper (Migos) Offset
16%
Singer Jewel
14%
Wrestler Chyna
13%
Singer/Actor Charo
12%
Singer Ciara
12%
Reality Star Omarosa
12%
Singer (TLC) Chilli
10%
Singer Babyface
8%
Comedian/Actor Mo'nique
8%
No matching quizzes found
Score Distribution
Percent of People with Each Score
Percentile by Number Answered
Your Score History
You have not taken this quiz since the last reset